Statistics for Axis Countries of World War 2

Click here to take the quiz!

General Stats

  • This quiz has been taken 116 times
  • The average score is 9 of 11

Answers on the Map

Answers color-coded by a green-red scale on the quiz's map according to % correct below.
 

Answer Stats

Answer% Correct
AXGermany
100%
AXItaly
99%
AXJapan
99%
AXRomania
90%
AXBulgaria
87%
AXHungary
80%
COFinland
70%
COThailand
66%
COIraq
60%
AXSlovakia
58%
AXCroatia
56%

Score Distribution

Percentile by Number Answered

Percent of People with Each Score

Your Score History

You have not taken this quiz